| 000 | 00826nam a2200265Ia 4500 | ||
|---|---|---|---|
| 003 | OSt | ||
| 005 | 20220926011939.0 | ||
| 006 | a|||||r|||| 00| 0 | ||
| 007 | ta | ||
| 008 | 220923b |||||||| |||| 00| 0 eng d | ||
| 037 | _cGeneral Book | ||
| 040 |
_aRTL _cRTL _beng |
||
| 041 |
_2eng _aeng |
||
| 082 | _aX:991.73.N7, L8 | ||
| 100 |
_aNollen Stanley D. _920744 |
||
| 245 | 0 | _aAlternative work schedules | |
| 260 |
_aNew York _bAmerican Management Association U. S. A. _c1978 |
||
| 300 |
_a70p. _ccm. |
||
| 490 | _vPart 2 | ||
| 500 | _aAmerican Management Association survey report | ||
| 650 |
_aLabour Market Economics-United States _9251123 |
||
| 700 |
_a Martin Virginia H. _9315270 |
||
| 942 |
_hX:991.73.N7, L8 _cGB _2CC |
||
| 999 |
_c621320 _d621320 |
||